000 01111cad a22002415a 4500
001 L158991
008 140923s2015 xxk f 000 0 eng d
035 _a(Sirsi) u158991
041 0 _aeng
110 2 _aColliers International
_95548
245 0 0 _aMidsummer Retail Report 2015
_h[electronic resource]
490 0 _aColliers International Midsummer Retail Report
520 _aAnnual survey of the UK retail sector looks at economic factors and investment and development opportunities in retail. Other features include an overview of the Central London market, retail lease analysis, shopping centres, out of town and online retailing, Although UK orientated includes a section on international retailing.
590 _aKA
650 2 4 _aRETAIL
650 2 4 _aONLINE SHOPPING
650 2 4 _aOUT OF TOWN
651 4 _aUnited Kingdom
690 _aCommercial property
_96227
690 _aInvestments
_96250
856 4 0 _uhttps://www.colliers.com/en-gb/uk/services/retail/midsummer-retail-report-2015
_zView the item free of charge (pre-registration required) from the www.colliers.com
942 _n0
999 _c115620
_d115620